| 000 | 00684nam a22002177a 4500 | ||
|---|---|---|---|
| 999 |
_c178226 _d178226 |
||
| 005 | 20210322170354.0 | ||
| 006 | a|||||f|||| 00| 0 | ||
| 007 | tc | ||
| 008 | 180720b xxu||||| |||| 00| 0 eng d | ||
| 010 | _aBR-003253 | ||
| 020 | _c65.00 | ||
| 035 | _a BR-003253 | ||
| 037 | _bN.I.V.H. | ||
| 082 | _a420 | ||
| 245 | _aMannual of Braille Bhartiya | ||
| 260 |
_aDehradun _bN.I.V.H. _cDehradun |
||
| 270 |
_a116,Rajpur Road, Dehradun _bDehradun _e248001 |
||
| 300 |
_avarious pages. _c30cm(HB). |
||
| 942 |
_2ddc _cBRLEN _h420 _mBRA |
||